000 00211 a2200097 4500
020 _a9789992420959
041 _aspa
100 _aKarla Valeria Bendaą Rodriguez
245 _aEl Mundo a mis Ojos
942 _cBK
999 _c14689
_d14689